000 00980nam a2200205Ia 4500
003 IN-BaIIA
008 211028s9999 xx 000 0 eng d
040 _cIIA Library
080 _a524.3-337
_bMAG
111 _aSymposium on the magnetic and related stars
_cMaryland
_d1965 Nov. 8-10
_95409
245 4 _aThe magnetic and related stars
_bthe proceedings of the AAS-NASA symposium on the magnetic and other peculiar and metallic-line A Stars, held at Greenbelt, Maryland, November 8 - 10, 1965 and the 1965 Helen B. Warner Prize Lecture of the American Astronomical Society, presented at Berkeley, California, December 29, 1965
_cedited by Robert C. Cameron
260 _aBaltimore
_bMono Book
_c1967
300 _axi, 596p.
650 _aAstronomy and astrophysics thesaurus
650 _aMagnetic stars
_95410
650 _aStars
700 _aCameron, Robert C., ed.
_95411
710 _aAmerican Astronomical Society
_94342
942 _cBK
999 _c3046
_d3046